00354nam a22000857a 4500008004100000082001600041245009900057260010300156300000900259230619b xxu||||| |||| 00| 0 eng d a303.48bCPA a16th African Regional Conference of thebCommonwealth Parliamentary Association Mauritius 1985 aMauritiusbSecretariat of the Mauritius Branch of the Commonwealth Parliamentary Associationc1985 a115p